UBT Library

Poezi (Record no. 60878)

000 -LEADER
fixed length control field 00249nam a22001217a 4500
008 - FIXED-LENGTH DATA ELEMENTS--GENERAL INFORMATION
fixed length control field 260309b ||||| |||| 00| 0 eng d
041 ## - LANGUAGE CODE
Language code of text/sound track or separate title eng
080 ## - UNIVERSAL DECIMAL CLASSIFICATION NUMBER
Universal Decimal Classification number 2.1
100 ## - Rafti
Rafti 20.1
101 ## - Shkurtesa
Shkurtesa Poezi
245 ## - TITLE STATEMENT
Title Poezi
Statement of responsibility, etc Arshi Pipa
942 ## - ADDED ENTRY ELEMENTS (KOHA)
Source of classification or shelving scheme
Item type Books
Holdings
Withdrawn status Lost status Source of classification or shelving scheme Damaged status Not for loan Collection code Permanent location Current location Date acquired Total Checkouts Barcode Date last seen Price effective from Koha item type
          Koleksioni i përgjithshem UBT - Lipjan UBT - Lipjan 03/09/2026   003-80007099935 03/09/2026 03/09/2026 Books
          Koleksioni i përgjithshem UBT - Lipjan UBT - Lipjan 03/09/2026   003-80007099936 03/09/2026 03/09/2026 Books
          Koleksioni i përgjithshem UBT - Lipjan UBT - Lipjan 03/09/2026   003-80007099965 03/09/2026 03/09/2026 Books
          Koleksioni i përgjithshem UBT - Lipjan UBT - Lipjan 03/11/2026   003-800070999141 03/11/2026 03/11/2026 Books
          Koleksioni i përgjithshem UBT - Lipjan UBT - Lipjan 03/11/2026   003-800070999142 03/11/2026 03/11/2026 Books
          Koleksioni i përgjithshem UBT - Lipjan UBT - Lipjan 03/11/2026   003-800070999143 03/11/2026 03/11/2026 Books
          Koleksioni i përgjithshem UBT - Lipjan UBT - Lipjan 03/11/2026   003-800070999144 03/11/2026 03/11/2026 Books
          Koleksioni i përgjithshem UBT - Lipjan UBT - Lipjan 03/11/2026   003-800070999145 03/11/2026 03/11/2026 Books
          Koleksioni i përgjithshem UBT - Lipjan UBT - Lipjan 03/11/2026   003-800070999146 03/11/2026 03/11/2026 Books
          Koleksioni i përgjithshem UBT - Lipjan UBT - Lipjan 03/11/2026   003-800070999147 03/11/2026 03/11/2026 Books
          Koleksioni i përgjithshem UBT - Lipjan UBT - Lipjan 03/11/2026   003-800070999148 03/11/2026 03/11/2026 Books
UBT Library © 2015-2024. All rights reserved University Education for Business and Technology